000 01116naa a22002897a 4500
001 BR9101834
003 BR-BrBNA
005 20250721155403.0
007 ta
008 250630b bl.|||m| |||| 00| 0 por d
040 _aBR-BrBNA
_bpor
_cBiblioteca Nacional de Agricultura
041 _a(Pt)
072 _aF01
_b2480
_bG514
090 _aF01 BR9101834
100 1 _aPaz, F. das C.A.
100 1 _aPereira, L.V.
111 1 _a2. Seminario Agropecuario do Acre
_cRio Branco, AC (Brazil)
_d13-17 Oct 1986
245 1 _aFatores limitantes para o desenvolvimento da heveicultura no estado do Acre
500 _aAnais do 2. Seminario Agropecuario do Acre Rio Branco, AC (Brasil): 1988. p. 211-227 [8 tables; 12 ref.] (BR9101834-AMS)
773 0 _tAnais do 2. Seminario Agropecuario do Acre
_wF01 BR9101834
_gRio Branco, AC (Brasil), 1988. p. 211-227
650 _aSERINGUEIRA
650 _aIMPLANTACAO DE CULTURA
650 _aACRE
490 _aDocumentos - Unidade de Execucao de Pesquisa de Ambito Estadual de Rio Branco (Brazil)
_vNo. 10
942 _cAMS
_2AGRIS
909 _a202506
_bLúcia
_c55
_dLúcia Elande
999 _c336216
_d336216